000 00581nam a2200229Ia 4500
003 OSt
005 20220924150512.0
006 a|||||r|||| 00| 0
007 ta
008 220923b |||||||| |||| 00| 0 tel d
024 _a333378
037 _cTextual
040 _aARTS
_cARTS
_btel
041 _2tel
_atel
082 _a035,1N281,1, L7
100 _aChinmya Barahma Au.
_9222265
245 0 _aMore manoharam
260 _c1977
650 _aTELUGU POETRY
942 _h035,1N281,1, L7
_cTEXL
_2CC
999 _c463563
_d463563